Heather on the Hill - Nathan Evans (All lyrics) - Statistics

General Stats
  • This quiz has been taken 17 times
  • The average score is 198 of 263
Answer Stats
% Correct
heather
100%
hill
100%
I
100%
on
100%
the
100%
a
86%
A
86%
And
86%
and
86%
as
86%
bonny
86%
is
86%
me,
86%
me
86%
my
86%
pretty,
86%
pretty
86%
She
86%
she
86%
stunning,
86%
amber
71%
by
71%
can
71%
kiss
71%
love
71%
love)
71%
meet
71%
of
71%
Oh,
71%
(oh,
71%
said
71%
sea?
71%
she's
71%
to
71%
underneath
71%
warm
71%
whisky
71%
"Will
71%
you
71%
You
71%
arms
57%
around
57%
asked,
57%
dancing
57%
dram
57%
fire
57%
her
57%
know
57%
misty
57%
moon"
57%
one
57%
only
57%
was
57%
wrapped
57%
"Are
43%
beneath
43%
boy,
43%
danced
43%
don't
43%
eye
43%
fields
43%
"Find
43%
for
43%
free"
43%
From
43%
groom?"
43%
in
43%
lass,
43%
mother
43%
piper
43%
played
43%
shores
43%
sky
43%
take
43%
that
43%
tune
43%
twinkle
43%
We
43%
When
43%
young
43%
yourself
43%
Caledonia
29%
Loch
29%
Maree
29%
Aberfeldy
14%
No matching quizzes found
Score Distribution
Percent of People with Each Score
Percentile by Number Answered
Your Score History
You have not taken this quiz